Normal view
MARC view
Entry Topical Term
001 - CONTROL NUMBER
- control field: 41771
003 - CONTROL NUMBER IDENTIFIER
- control field: ARRUPE
005 - DATE AND TIME OF LATEST TRANSACTION
- control field: 20180712092212.0
008 - FIXED-LENGTH DATA ELEMENTS
- fixed length control field: 180712|| aca||aabn | a|a d
040 ## - CATALOGING SOURCE
- Original cataloging agency: ARRUPE
- Transcribing agency: ARRUPE
150 ## - HEADING--TOPICAL TERM
- Topical term or geographic name as entry element: Poetics
- General subdivision: Early works to 1800.
670 ## - SOURCE DATA FOUND
- Source citation: Work cat.: (ARRUPE)0: Geoffrey, of Vinsauf, active 1200. 41770, Poetria nova of Geoffrey of Vinsauf /, 1967.